Flagi krajów na Euro 2024 - Statystyki

Ogólne statystyki
  • Ten quiz został rozwiązany 76 razy
  • Średni wynik to 23 z 24
Statystyki odpowiedzi
Obrazkowy Odpowiedź % Poprawnych
Polska
100%
Rumunia
100%
Szwajcaria
100%
Włochy
100%
Albania
97%
Chorwacja
97%
Czechy
97%
Hiszpania
97%
Niemcy
97%
Portugalia
97%
Słowacja
97%
Ukraina
97%
Austria
95%
Francja
95%
Słowenia
95%
Gruzja
94%
Holandia
92%
Dania
91%
Serbia
91%
Węgry
91%
Szkocja
89%
Belgia
88%
Anglia
86%
Turcja
86%
Nie znaleziono quizów pasujących do podanych kryteriów
Rozkład punktacji
Procent ludzi z każdym wynikiem
Percentyl według liczby udzielonych odpowiedzi
Twoja historia wyników
Nie rozwiązałeś tego quizu